000 01217nam a22003737a 4500
001 0012206
003 KOHA_MİRAKIL
005 20260207001842.0
007 ta
008 091229b1974 tu |||gr||||#||||1|tur |
020 _c0,01
040 _aTR-BiSEU
_btur
_cTR-BiSEU
_erda
041 0 _atur
044 _ctu
050 _aPL246
_b.T87 1974
100 1 _aTürkmen, Fikret.
245 1 _aAşık Garip hikayesi :
_büzerinde mukayeseli bir araştırma/
_cFikret Türkmen ; Fikret Türkmen.
264 1 _aAnkara :
_bAtatürk Üniversitesi
_c1974
300 _axxxviii, 307 sayfa; 27 cm.
336 _ametin
_btxt
_2rdacontent
337 _aaracısız
_bn
_2rdamedia
338 _acilt
_bnc
_2rdacarrier
490 1 _aAtatürk Üniversitesi ;
_vyayın no.
490 1 _a357.
490 1 _aEdebiyat Fakültesi ;
_vyayın no.70.
490 1 _aAraştırma ;
_vyayın no.59.
650 0 _aFolk literature, Turkish--Turkey.
_915358
650 0 _aHalk edebiyatı, Türk--Türkiye.
_929523
830 1 _aAtatürk Üniversitesi ;
_vyayın no.
_929524
830 1 _a357.
_929525
830 1 _aEdebiyat Fakültesi ;
_vyayın no.70.
_929526
830 1 _aAraştırma ;
_vyayın no.59.
_916699
942 _2lcc
_cBK
999 _c12175
_d12175